<?xml version="1.0" encoding="UTF-8"?>
<collection xmlns="http://www.loc.gov/MARC21/slim">
 <record>
  <leader>00391pamaa2200133   4500</leader>
  <controlfield tag="001">0000023473</controlfield>
  <controlfield tag="005">20061127090000.0</controlfield>
  <datafield tag="020" ind1="0" ind2="0">
   <subfield code="a">0807102431 </subfield>
  </datafield>
  <datafield tag="090" ind1="0" ind2="0">
   <subfield code="a">PR6003.E6 </subfield>
   <subfield code="b">ROB 1972</subfield>
  </datafield>
  <datafield tag="100" ind1="1" ind2="0">
   <subfield code="a">ROBY </subfield>
  </datafield>
  <datafield tag="245" ind1="1" ind2="2">
   <subfield code="a">A Writer at war : </subfield>
   <subfield code="b">Arnold Bennett 1914-1918  </subfield>
   <subfield code="c">Kinley E. Roby.</subfield>
  </datafield>
  <datafield tag="260" ind1="0" ind2="0">
   <subfield code="a">Louisiana: </subfield>
   <subfield code="b">Louisiana State University Press, </subfield>
   <subfield code="c">1972.</subfield>
  </datafield>
  <datafield tag="300" ind1=" " ind2=" ">
   <subfield code="a">326p.; </subfield>
   <subfield code="c">24cm.</subfield>
  </datafield>
  <datafield tag="650" ind1="0" ind2="0">
   <subfield code="a">Bennett, Arnold, 1914-1918 </subfield>
  </datafield>
 </record>
</collection>
